1001 1732 1354 1589 1449 1057 1799 1389 1874 1087 1636 1630 1934 1428 1114 1012 1024 1904 1830 1836 1820 1952 1910 1198 1248 1394 1854 1278 1773 1207 1033 1002 1963 1436 1398 1071 1164 1835 1363 1858 1319 1496 1275 1960 1480 1934 1385 1571 1843 1141 1278 1457 1236 1517 1326 1210 1627 1819 1481 1949 1945 1475 1820 1679 1052 1903 1033 1774 1652 1868 1667 1623 1785 1195 1219 1227 1026 1495 1749 1508 1995 1132 1770 1296 1197 1399 1243 1157 1464 1294 1496 1848 1223 1368 1517 1774 1287 1539 1812 BCNSPRNW ULIB Ver.6.0+V

เปลี่ยนเป็นภาษาไทย

Change to English
 แสดงรายละเอียดบรรณานุกรม
  กลับหน้าหลัก

Brief Record : Get Marc (ISO 2709) : E-mail record : QR code < ปิดหน้าต่าง
LEADER : 00000nam 2200000uu 4500
001    13399112137
003     ULIB
008    110727s2550||||th 000 0 tha d
020    9789990972023
050  4 HA62^bช486บ 2550
100 0  ชาญชัย อาจินสมาจาร
245 10 แบบสอบถามเพื่อการวิจัยและการประเมินผลทางการศึกษา =^bQuestionnaires for research and evaluation in education /^cชาญชัย อาจินสมาจาร
246 31 Questionnaires for research and evaluation in education
260    [ม.ป.ท. :^bม.ป.พ.,^c2550]
300    76 หน้า ;^c29 ซม.
650  4 แบบสอบถาม
650  4 วิจัย
650  4 การประเมินผลทางการศึกษา
945    ^p180^l0^i027070
945    ^p180^l0^i027071
995    ทศพร
999 ^a ทศพร
รายการนี้ยังไม่มีแท็ก
คุณยังไม่ได้ล็อกอิน คุณสามารถมีกิจกรรมร่วมกับเว็บไซต์ได้ แต่ต้องล็อกอินก่อน ::
  ล็อกอิน

รายการสื่อสารสนเทศ

ลำดับที่ ประเภท เลขเรียก/บาร์โค้ด สถานที่ สถานะ
- ไม่พบข้อมูล -

รายการใกล้เคียง
    ผู้แต่ง [ชาญชัย อาจินสมาจาร]

    หัวเรื่อง [แบบสอบถาม]
    หัวเรื่อง [วิจัย]
    หัวเรื่อง [การประเมินผลทางการศึกษา]

BibComment


ยังไม่เคยถูกคอมเมนท์

คอมเมนท์ทรัพยากรรายการนี้
  คอมเมนท์: แบบสอบถามเพื่อการ..


 Copyright 2026. Bcnsprnw @Library